000
00249nam a2200097Ia 4500
008
240331s9999 xx 000 0 und d
082
_b
SRI
100
_a
CRD
245
0
_a
Sri Lanka the eEthnic conflict :
_b
myths, realities and perspectives
942
_c
L
999
_c
1386
_d
1386